[Event "2024 National Elementary (K-6) Championship"]
[Site "Columbus, Ohio, United States"]
[Date "2024.04.27"]
[Round "3.22"]
[White "Schaefer, Sasha Milo"]
[Black "Li, Howard"]
[Result "1-0"]
[TimeControl "G/90; d10"]
[WhiteFideId "39920682"]
[BlackFideId "39901017"]
[WhiteElo "1843"]
[BlackElo "1459"]

1. e4 {[%clk 01:30:00]} c5 {[%clk 01:30:00]} {[%emt 00:00:07]} 2. Nf3 {[%clk
01:30:00]} {[%emt 00:00:03]} d6 {[%clk 01:30:00]} {[%emt 00:00:11]} 3. Bb5+
{[%clk 01:30:00]} {[%emt 00:00:04]} Bd7 {[%clk 01:30:00]} {[%emt 00:00:08]} 4.
Bxd7+ {[%clk 01:30:00]} {[%emt 00:00:02]} Qxd7 {[%clk 01:30:00]} {[%emt
00:00:06]} 5. c4 {[%clk 01:30:00]} {[%emt 00:00:02]} Nf6 {[%clk 01:30:00]}
{[%emt 00:00:08]} 6. Nc3 {[%clk 01:30:00]} {[%emt 00:00:04]} g6 {[%clk
01:30:00]} {[%emt 00:00:07]} 7. d4 {[%clk 01:30:00]} {[%emt 00:00:05]} cxd4
{[%clk 01:30:00]} {[%emt 00:00:06]} 8. Nxd4 {[%clk 01:30:00]} {[%emt 00:00:04]}
Bg7 {[%clk 01:30:00]} {[%emt 00:00:09]} 9. f3 {[%clk 01:30:00]} {[%emt
00:00:04]} O-O {[%clk 01:30:00]} {[%emt 00:00:09]} 10. Be3 {[%clk 01:30:00]}
{[%emt 00:00:09]} Nc6 {[%clk 01:30:00]} {[%emt 00:00:08]} 11. O-O {[%clk
01:30:00]} {[%emt 00:00:05]} Rac8 {[%clk 01:30:00]} {[%emt 00:00:10]} 12. b3
{[%clk 01:30:00]} {[%emt 00:00:04]} a6 {[%clk 01:21:52]} {[%emt 00:08:18]} 13.
Qd3 {[%clk 01:30:00]} {[%emt 00:00:06]} Nxd4 {[%clk 01:10:13]} {[%emt
00:11:47]} 14. Bxd4 {[%clk 01:30:00]} {[%emt 00:00:07]} Rfe8 {[%clk 01:01:19]}
{[%emt 00:09:04]} 15. Rfd1 {[%clk 01:29:20]} {[%emt 00:00:50]} Nh5 {[%clk
00:34:55]} {[%emt 00:26:34]} 16. Nd5 {[%clk 01:28:19]} {[%emt 00:01:11]} Rc6
{[%clk 00:33:25]} {[%emt 00:01:41]} 17. Rac1 {[%clk 01:22:41]} {[%emt
00:05:47]} Bxd4+ {[%clk 00:21:15]} {[%emt 00:12:20]} 18. Qxd4 {[%clk 01:22:41]}
{[%emt 00:00:05]} Ng7 {[%clk 00:21:05]} {[%emt 00:00:20]} 19. Nb4 {[%clk
01:21:30]} {[%emt 00:01:20]} Ne6 {[%clk 00:14:28]} {[%emt 00:06:47]} 20. Qe3
{[%clk 01:21:20]} {[%emt 00:00:20]} Rc5 {[%clk 00:11:14]} {[%emt 00:03:25]} 21.
e5 {[%clk 01:20:22]} {[%emt 00:01:07]} Qc7 {[%clk 00:10:41]} {[%emt 00:00:43]}
22. Nd5 {[%clk 01:19:43]} {[%emt 00:00:49]} Qc6 {[%clk 00:09:39]} {[%emt
00:01:13]} 23. exd6 {[%clk 01:19:27]} {[%emt 00:00:25]} Kg7 {[%clk 00:07:24]}
{[%emt 00:02:25]} 24. Nxe7 {[%clk 01:18:17]} {[%emt 00:01:20]} Qd7 {[%clk
00:05:18]} {[%emt 00:02:16]} 25. Qc3+ {[%clk 01:17:44]} {[%emt 00:00:43]} f6
{[%clk 00:04:46]} {[%emt 00:00:43]} 26. Nd5 {[%clk 01:15:04]} {[%emt 00:02:50]}
Qf7 {[%clk 00:04:05]} {[%emt 00:00:49]} 27. b4 {[%clk 01:14:27]} {[%emt
00:00:48]} Rc6 {[%clk 00:00:39]} {[%emt 00:03:35]} 28. c5 {[%clk 01:14:10]}
{[%emt 00:00:28]} b5 {[%clk 00:00:04]} {[%emt 00:00:46]} 29. Ne7 {[%clk
01:13:57]} {[%emt 00:00:23]} Rxe7 {[%clk 00:00:04]} {[%emt 00:00:09]} 30. dxe7
{[%clk 01:13:57]} {[%emt 00:00:06]} Qxe7 {[%clk 00:00:04]} {[%emt 00:00:08]} 31.
Qe3 {[%clk 01:13:27]} {[%emt 00:00:39]} Qf7 {[%clk 00:00:04]} {[%emt 00:00:11]}
32. Re1 {[%clk 01:11:58]} {[%emt 00:01:36]} Kg8 {[%clk 00:00:04]} {[%emt
00:00:13]} 33. Rcd1 {[%clk 01:11:58]} {[%emt 00:00:07]} Kg7 {[%clk 00:00:04]}
{[%emt 00:00:10]} 34. Rd6 {[%clk 01:11:55]} {[%emt 00:00:13]} Rxd6 {[%clk
00:00:04]} {[%emt 00:00:06]} 35. cxd6 {[%clk 01:11:55]} {[%emt 00:00:02]} Kg8
{[%clk 00:00:03]} {[%emt 00:00:11]} 36. Qxe6 {[%clk 01:11:55]} {[%emt
00:00:07]} Qxe6 {[%clk 00:00:02]} {[%emt 00:00:11]} 37. Rxe6 {[%clk 01:11:55]}
{[%emt 00:00:05]} Kf7 {[%clk 00:00:02]} {[%emt 00:00:09]} 38. Re7+ {[%clk
01:11:55]} Kf8 {[%clk 00:00:02]} {[%emt 00:00:10]} 39. Ra7 {[%clk 01:11:55]}
{[%emt 00:00:04]} Ke8 {[%clk 00:00:02]} {[%emt 00:00:07]} 40. Rxa6 {[%clk
01:11:55]} {[%emt 00:00:04]} Kd7 {[%clk 00:00:02]} {[%emt 00:00:08]} 41. Rb6
{[%clk 01:11:55]} {[%emt 00:00:01]} f5 {[%clk 00:00:02]} {[%emt 00:00:10]} 42.
Kf2 {[%clk 01:11:55]} {[%emt 00:00:04]} f4 {[%clk 00:00:02]} {[%emt 00:00:07]}
43. Ke2 {[%clk 01:11:55]} {[%emt 00:00:03]} Ke6 {[%clk 00:00:02]} {[%emt
00:00:07]} 44. Kd3 {[%clk 01:11:55]} {[%emt 00:00:02]} g5 {[%clk 00:00:02]}
{[%emt 00:00:07]} 45. Ke4 {[%clk 01:11:55]} {[%emt 00:00:02]} h6 {[%clk
00:00:02]} {[%emt 00:00:08]} 46. h3 {[%clk 01:11:55]} {[%emt 00:00:02]} Kd7
{[%clk 00:00:02]} {[%emt 00:00:07]} 47. Kd5 {[%clk 01:11:55]} {[%emt 00:00:03]}
Kd8 {[%clk 00:00:02]} {[%emt 00:00:08]} 48. Rb8+ {[%clk 01:11:55]} {[%emt
00:00:06]} Kd7 {[%clk 00:00:02]} {[%emt 00:00:07]} 49. Rb7+ {[%clk 01:11:55]}
{[%emt 00:00:03]} Kd8 {[%clk 00:00:01]} {[%emt 00:00:10]} 50. Rh7 {[%clk
01:11:55]} {[%emt 00:00:07]} h5 {[%clk 00:00:01]} {[%emt 00:00:09]} 51. Rxh5
{[%clk 01:11:55]} {[%emt 00:00:02]} Kd7 {[%clk 00:00:01]} {[%emt 00:00:08]} 52.
Rxg5 {[%clk 01:11:55]} {[%emt 00:00:02]} Kd8 {[%clk 00:00:01]} {[%emt
00:00:07]} 53. h4 {[%clk 01:11:55]} {[%emt 00:00:04]} Kd7 {[%clk 00:00:01]}
{[%emt 00:00:07]} 54. h5 {[%clk 01:11:55]} {[%emt 00:00:02]} Kd8 {[%clk
00:00:01]} {[%emt 00:00:08]} 55. h6 {[%clk 01:11:55]} {[%emt 00:00:02]} Kd7
{[%clk 00:00:01]} {[%emt 00:00:09]} 56. h7 {[%clk 01:11:55]} {[%emt 00:00:02]}
Kc8 {[%clk 00:00:00]} {[%emt 00:00:10]} 57. Ke4 {[%emt 00:00:39]} 1-0

[Event "2024 National Elementary (K-6) Championship"]
[Site "Columbus, Ohio, United States"]
[Date "2024.04.27"]
[Round "3.23"]
[White "Wang, Dena N"]
[Black "Singh, Ian Avery"]
[Result "0-1"]
[TimeControl "G/90; d10"]
[WhiteFideId "39949613"]
[BlackFideId "39902676"]
[WhiteElo "1462"]
[BlackElo "1829"]

1. e4 {[%clk 01:30:00]} c5 {[%clk 01:29:56]} {[%emt 00:00:20]} 2. Nf3 {[%clk
01:30:00]} {[%emt 00:00:07]} e6 {[%clk 01:29:56]} {[%emt 00:00:05]} 3. d4
{[%clk 01:30:00]} {[%emt 00:00:05]} cxd4 {[%clk 01:29:56]} {[%emt 00:00:04]} 4.
Nxd4 {[%clk 01:30:00]} {[%emt 00:00:05]} a6 {[%clk 01:29:56]} {[%emt 00:00:08]}
5. Nc3 {[%clk 01:29:58]} {[%emt 00:00:12]} b5 {[%clk 01:29:56]} {[%emt
00:00:04]} 6. Be3 {[%clk 01:29:54]} {[%emt 00:00:13]} Bb7 {[%clk 01:29:56]}
{[%emt 00:00:07]} 7. f3 {[%clk 01:29:45]} {[%emt 00:00:18]} d6 {[%clk
01:29:56]} {[%emt 00:00:08]} 8. Qd2 {[%clk 01:29:38]} {[%emt 00:00:17]} Nf6
{[%clk 01:29:56]} {[%emt 00:00:08]} 9. Bd3 {[%clk 01:29:33]} {[%emt 00:00:16]}
Nbd7 {[%clk 01:29:56]} {[%emt 00:00:08]} 10. O-O-O {[%clk 01:29:12]} {[%emt
00:00:31]} Rc8 {[%clk 01:27:55]} {[%emt 00:02:12]} 11. Kb1 {[%clk 01:27:39]}
{[%emt 00:01:43]} Be7 {[%clk 01:26:41]} {[%emt 00:01:24]} 12. Qf2 {[%clk
01:27:00]} {[%emt 00:00:49]} Ne5 {[%clk 01:16:22]} {[%emt 00:10:29]} 13. g4
{[%clk 01:19:31]} {[%emt 00:07:39]} Nfd7 {[%clk 01:10:50]} {[%emt 00:05:42]} 14.
h4 {[%clk 01:18:47]} {[%emt 00:00:54]} Nc4 {[%clk 01:07:51]} {[%emt 00:03:08]}
15. g5 {[%clk 01:17:12]} {[%emt 00:01:46]} Nde5 {[%clk 01:06:55]} {[%emt
00:01:06]} 16. Rdg1 {[%clk 01:15:20]} {[%emt 00:02:02]} Qc7 {[%clk 01:01:03]}
{[%emt 00:06:02]} 17. h5 {[%clk 01:14:13]} {[%emt 00:01:17]} Qa5 {[%clk
00:49:13]} {[%emt 00:12:00]} 18. g6 {[%clk 01:13:44]} {[%emt 00:00:39]} Nxb2
{[%clk 00:47:31]} {[%emt 00:01:51]} 19. gxf7+ {[%clk 01:13:35]} {[%emt
00:00:19]} Kxf7 {[%clk 00:46:40]} {[%emt 00:01:02]} 20. Bd2 {[%clk 01:06:55]}
{[%emt 00:06:50]} Nbxd3 {[%clk 00:45:03]} {[%emt 00:01:47]} 21. cxd3 {[%clk
01:06:41]} {[%emt 00:00:24]} Rxc3 {[%clk 00:44:07]} {[%emt 00:01:06]} 22. Qg3
{[%clk 01:05:09]} {[%emt 00:01:41]} Bf6 {[%clk 00:42:50]} {[%emt 00:01:28]} 23.
Bg5 {[%clk 01:02:38]} {[%emt 00:02:40]} Qb4+ {[%clk 00:42:33]} {[%emt
00:00:29]} 24. Nb3 {[%clk 01:02:32]} {[%emt 00:00:16]} Rxb3+ {[%clk 00:42:33]}
{[%emt 00:00:06]} 25. axb3 {[%clk 01:01:58]} {[%emt 00:00:44]} Qxb3+ {[%clk
00:42:33]} {[%emt 00:00:02]} 26. Kc1 {[%clk 01:01:57]} {[%emt 00:00:10]} Rc8+
{[%clk 00:41:49]} {[%emt 00:00:54]} 27. Kd2 {[%clk 01:01:41]} {[%emt 00:00:26]}
Bxg5+ {[%clk 00:41:49]} {[%emt 00:00:07]} 28. Qxg5 {[%clk 01:01:29]} {[%emt
00:00:21]} Qxd3+ {[%clk 00:41:31]} {[%emt 00:00:28]} 29. Ke1 {[%clk 01:01:23]}
{[%emt 00:00:12]} Nxf3+ {[%clk 00:41:31]} {[%emt 00:00:07]} 30. Kf2 {[%clk
01:01:21]} {[%emt 00:00:11]} Nxg5 {[%clk 00:41:31]} {[%emt 00:00:05]} 31. Rxg5
{[%clk 01:01:11]} {[%emt 00:00:20]} Rc2+ {[%clk 00:41:31]} {[%emt 00:00:05]} 32.
Ke1 {[%clk 01:01:01]} {[%emt 00:00:20]} Qd2+ {[%clk 00:41:31]} {[%emt
00:00:05]} 33. Kf1 {[%clk 01:01:01]} {[%emt 00:00:08]} Rc1# {[%clk 00:41:31]}
{[%emt 00:00:08]} 0-1

[Event "2024 National Elementary (K-6) Championship"]
[Site "Columbus, Ohio, United States"]
[Date "2024.04.27"]
[Round "3.24"]
[White "Chen, Celine"]
[Black "Sommerstein, Adrian Harrison"]
[Result "1/2-1/2"]
[TimeControl "G/90; d10"]
[WhiteFideId "39915107"]
[WhiteElo "1760"]
[BlackElo "1456"]

1. d4 {[%clk 01:30:00]} {[%emt 00:00:06]} d5 {[%clk 01:30:00]} {[%emt
00:00:11]} 2. c4 {[%clk 01:29:58]} {[%emt 00:00:15]} e6 {[%clk 01:30:00]}
{[%emt 00:00:06]} 3. Nc3 {[%clk 01:29:48]} {[%emt 00:00:14]} Nf6 {[%clk
01:30:00]} {[%emt 00:00:09]} 4. cxd5 {[%clk 01:29:21]} {[%emt 00:00:37]} exd5
{[%clk 01:30:00]} {[%emt 00:00:09]} 5. Bg5 {[%clk 01:28:48]} {[%emt 00:00:42]}
Nbd7 {[%clk 01:29:51]} {[%emt 00:00:21]} 6. e3 {[%clk 01:28:21]} {[%emt
00:00:36]} Be7 {[%clk 01:29:50]} {[%emt 00:00:12]} 7. Bd3 {[%clk 01:27:31]}
{[%emt 00:00:59]} O-O {[%clk 01:29:46]} {[%emt 00:00:15]} 8. Nge2 {[%clk
01:26:39]} {[%emt 00:01:01]} b6 {[%clk 01:29:21]} {[%emt 00:00:37]} 9. Qc2
{[%clk 01:25:04]} {[%emt 00:01:44]} c5 {[%clk 01:28:48]} {[%emt 00:00:43]} 10.
O-O {[%clk 01:22:00]} {[%emt 00:03:14]} Bb7 {[%clk 01:27:51]} {[%emt 00:01:07]}
11. dxc5 {[%clk 01:20:58]} {[%emt 00:01:11]} bxc5 {[%clk 01:27:23]} {[%emt
00:00:39]} 12. Rfd1 {[%clk 01:18:15]} {[%emt 00:02:52]} a6 {[%clk 01:24:05]}
{[%emt 00:03:29]} 13. Bf5 {[%clk 01:14:07]} {[%emt 00:04:18]} Qc7 {[%clk
01:20:39]} {[%emt 00:03:37]} 14. Nf4 {[%clk 01:12:52]} {[%emt 00:01:23]} d4
{[%clk 01:15:33]} {[%emt 00:05:18]} 15. Bxd7 {[%clk 01:04:52]} {[%emt
00:08:09]} Qxd7 {[%clk 01:15:27]} {[%emt 00:00:15]} 16. Bxf6 {[%clk 01:03:59]}
{[%emt 00:01:03]} Bxf6 {[%clk 01:15:16]} {[%emt 00:00:22]} 17. Ne4 {[%clk
00:59:09]} {[%emt 00:04:59]} Bxe4 {[%clk 01:12:23]} {[%emt 00:03:03]} 18. Qxe4
{[%clk 00:59:05]} {[%emt 00:00:14]} Rfe8 {[%clk 01:11:41]} {[%emt 00:00:53]} 19.
Qc2 {[%clk 00:54:30]} {[%emt 00:04:44]} Rac8 {[%clk 01:09:09]} {[%emt
00:02:43]} 20. Qc4 {[%clk 00:51:40]} {[%emt 00:02:58]} Qb5 {[%clk 01:04:26]}
{[%emt 00:04:55]} 21. Qxb5 {[%clk 00:50:01]} {[%emt 00:01:48]} axb5 {[%clk
01:03:50]} {[%emt 00:00:46]} 22. Nd5 {[%clk 00:48:48]} {[%emt 00:01:24]} dxe3
{[%clk 01:02:03]} {[%emt 00:01:57]} 23. Nxe3 {[%clk 00:48:41]} {[%emt
00:00:17]} Rcd8 {[%clk 01:00:40]} {[%emt 00:01:33]} 24. h3 {[%clk 00:41:41]}
{[%emt 00:07:09]} Bxb2 {[%clk 00:58:25]} {[%emt 00:02:26]} 25. Rxd8 {[%clk
00:38:37]} {[%emt 00:03:14]} Rxd8 {[%clk 00:58:25]} {[%emt 00:00:03]} 26. Rb1
{[%clk 00:38:37]} {[%emt 00:00:09]} Bd4 {[%clk 00:57:54]} {[%emt 00:00:42]} 27.
Rxb5 {[%clk 00:38:27]} {[%emt 00:00:19]} g6 {[%clk 00:57:49]} {[%emt 00:00:16]}
28. Kf1 {[%clk 00:37:47]} {[%emt 00:00:49]} Bxe3 {[%clk 00:57:25]} {[%emt
00:00:34]} 29. fxe3 {[%clk 00:37:47]} {[%emt 00:00:08]} Ra8 {[%clk 00:55:54]}
{[%emt 00:01:41]} 30. Rb2 {[%clk 00:36:59]} {[%emt 00:00:58]} Ra3 {[%clk
00:55:08]} {[%emt 00:00:57]} 31. Ke2 {[%clk 00:36:51]} {[%emt 00:00:17]} c4
{[%clk 00:54:55]} {[%emt 00:00:23]} 32. Rc2 {[%clk 00:36:10]} {[%emt 00:00:50]}
Kg7 {[%clk 00:54:42]} {[%emt 00:00:25]} 33. Kf3 {[%clk 00:35:59]} {[%emt
00:00:21]} f5 {[%clk 00:54:06]} {[%emt 00:00:46]} 34. Kf4 {[%clk 00:35:39]}
{[%emt 00:00:28]} Kf6 {[%clk 00:52:59]} {[%emt 00:01:18]} 35. h4 {[%clk
00:35:16]} {[%emt 00:00:34]} h5 {[%clk 00:51:21]} {[%emt 00:01:47]} 36. e4
{[%clk 00:34:57]} {[%emt 00:00:29]} fxe4 {[%clk 00:50:12]} {[%emt 00:01:20]} 37.
Kxe4 {[%clk 00:34:28]} {[%emt 00:00:38]} Ke6 {[%clk 00:49:58]} {[%emt
00:00:25]} 38. Kd4 {[%clk 00:33:06]} {[%emt 00:01:31]} c3 {[%clk 00:39:51]}
{[%emt 00:11:49]} 39. Kc4 {[%clk 00:30:56]} {[%emt 00:02:17]} Ra4+ {[%clk
00:39:28]} {[%emt 00:00:37]} 40. Kxc3 {[%clk 00:30:39]} {[%emt 00:00:26]} Rxh4
{[%clk 00:39:27]} {[%emt 00:00:11]} 41. Kb3 {[%clk 00:30:05]} {[%emt 00:00:44]}
Rd4 {[%clk 00:38:52]} {[%emt 00:00:45]} 42. a4 {[%clk 00:29:54]} {[%emt
00:00:21]} Rd7 {[%clk 00:37:45]} {[%emt 00:01:16]} 43. a5 {[%clk 00:29:49]}
{[%emt 00:00:16]} Kd6 {[%clk 00:36:59]} {[%emt 00:00:56]} 44. Ka4 {[%clk
00:29:20]} {[%emt 00:00:39]} Rc7 {[%clk 00:36:44]} {[%emt 00:00:26]} 45. Rb2
{[%clk 00:28:57]} {[%emt 00:00:30]} Rc4+ {[%clk 00:34:56]} {[%emt 00:02:01]} 46.
Kb5 {[%clk 00:28:52]} {[%emt 00:00:14]} Rc8 {[%clk 00:34:55]} {[%emt 00:00:11]}
47. Rd2+ {[%clk 00:27:43]} {[%emt 00:01:19]} Kc7 {[%clk 00:34:34]} {[%emt
00:00:32]} 48. a6 {[%clk 00:26:56]} {[%emt 00:00:57]} Rb8+ {[%clk 00:34:26]}
{[%emt 00:00:17]} 49. Ka5 {[%clk 00:26:35]} {[%emt 00:00:30]} Rb3 {[%clk
00:34:05]} 1/2-1/2

[Event "2024 National Elementary (K-6) Championship"]
[Site "Columbus, Ohio, United States"]
[Date "2024.04.27"]
[Round "3.25"]
[White "Zhao, William"]
[Black "Parul Karthikeyan, Aanya"]
[Result "1-0"]
[TimeControl "G/90; d10"]
[WhiteFideId "39943607"]
[BlackFideId "39946886"]
[WhiteElo "760"]
[BlackElo "999"]

1. e4 {[%clk 01:30:00]} {[%emt 00:39:15]} c5 {[%clk 01:30:00]} {[%emt
00:00:08]} 2. Nf3 {[%clk 01:30:00]} {[%emt 00:00:15]} Nc6 {[%clk 01:30:00]}
{[%emt 00:00:07]} 3. d4 {[%clk 01:29:57]} {[%emt 00:00:09]} cxd4 {[%clk
01:30:00]} {[%emt 00:00:03]} 4. Nxd4 {[%clk 01:29:55]} {[%emt 00:00:10]} g6
{[%clk 01:29:59]} {[%emt 00:00:12]} 5. c4 {[%clk 01:29:19]} {[%emt 00:00:46]}
Bg7 {[%clk 01:29:49]} {[%emt 00:00:19]} 6. Be3 {[%clk 01:28:49]} {[%emt
00:00:40]} d6 {[%clk 01:29:39]} {[%emt 00:00:20]} 7. Nc3 {[%clk 01:28:25]}
{[%emt 00:00:34]} Nf6 {[%clk 01:29:37]} {[%emt 00:00:12]} 8. f3 {[%clk
01:27:13]} {[%emt 00:01:22]} O-O {[%clk 01:29:14]} {[%emt 00:00:33]} 9. Qd2
{[%clk 01:25:50]} {[%emt 00:01:33]} Bd7 {[%clk 01:28:25]} {[%emt 00:00:58]} 10.
g4 {[%clk 01:25:29]} {[%emt 00:00:31]} Rc8 {[%clk 01:26:24]} {[%emt 00:02:10]}
11. h4 {[%clk 01:24:54]} {[%emt 00:00:46]} Ne5 {[%clk 01:21:53]} {[%emt
00:05:13]} 12. b3 {[%clk 01:23:36]} {[%emt 00:01:14]} Qb6 {[%clk 01:16:34]}
{[%emt 00:05:31]} 13. Be2 {[%clk 01:22:01]} {[%emt 00:01:44]} Qc7 {[%clk
01:13:54]} {[%emt 00:02:48]} 14. h5 {[%clk 01:20:38]} {[%emt 00:01:36]} a6
{[%clk 01:06:08]} {[%emt 00:07:56]} 15. Bh6 {[%clk 01:19:09]} {[%emt 00:01:38]}
b5 {[%clk 01:02:58]} {[%emt 00:03:20]} 16. Bxg7 {[%clk 01:18:29]} {[%emt
00:00:50]} Kxg7 {[%clk 01:02:55]} {[%emt 00:00:13]} 17. hxg6 {[%emt 00:00:13]}
fxg6 {[%emt 00:00:17]} 18. Qh6+ {[%clk 01:16:37]} {[%emt 00:01:33]} Kf7 {[%clk
01:00:20]} {[%emt 00:02:46]} 19. g5 {[%clk 01:15:42]} {[%emt 00:01:04]} Ng8
{[%clk 00:58:47]} {[%emt 00:01:43]} 20. Qxh7+ {[%clk 01:14:12]} {[%emt
00:01:40]} Ke8 {[%clk 00:58:12]} {[%emt 00:00:45]} 21. f4 {[%clk 01:14:10]}
{[%emt 00:00:11]} Nf7 {[%clk 00:53:35]} {[%emt 00:04:46]} 22. Qxg6 {[%clk
01:13:45]} {[%emt 00:00:36]} e6 {[%clk 00:49:59]} {[%emt 00:03:45]} 23. Rh8
{[%clk 01:12:22]} {[%emt 00:01:33]} Ke7 {[%clk 00:48:25]} {[%emt 00:01:45]} 24.
Nf5+ {[%clk 01:09:19]} {[%emt 00:03:14]} exf5 {[%clk 00:47:36]} {[%emt
00:00:58]} 25. Nd5+ {[%clk 01:09:15]} {[%emt 00:00:14]} Kd8 {[%clk 00:47:14]}
{[%emt 00:00:33]} 26. Rxg8 {[%clk 01:04:31]} {[%emt 00:04:53]} Rxg8 {[%clk
00:46:24]} {[%emt 00:01:00]} 27. Qxg8+ {[%emt 00:00:26]} Be8 {[%emt 00:00:10]}
28. Nxc7 {[%clk 01:03:02]} {[%emt 00:01:04]} Kxc7 {[%clk 00:46:07]} {[%emt
00:00:23]} 29. Bh5 {[%clk 01:02:41]} {[%emt 00:00:33]} Kc6 {[%clk 00:44:14]}
{[%emt 00:02:04]} 30. Bxf7 {[%clk 01:02:12]} {[%emt 00:00:38]} Bxf7 {[%clk
00:43:53]} {[%emt 00:00:31]} 31. Qxc8+ {[%clk 01:02:06]} {[%emt 00:00:18]} Kb6
{[%clk 00:43:52]} {[%emt 00:00:12]} 32. O-O-O {[%clk 01:01:31]} {[%emt
00:00:44]} d5 {[%clk 00:43:22]} {[%emt 00:00:39]} 33. c5+ {[%clk 01:00:58]}
{[%emt 00:00:43]} Ka7 {[%clk 00:43:22]} {[%emt 00:00:07]} 34. Rh1 {[%clk
01:00:41]} {[%emt 00:00:25]} Bg6 {[%clk 00:43:16]} {[%emt 00:00:18]} 35. Qc7+
{[%clk 00:58:56]} {[%emt 00:01:55]} Ka8 {[%clk 00:43:12]} {[%emt 00:00:15]} 36.
Rh8+ {[%clk 00:58:56]} {[%emt 00:00:02]} Be8 {[%clk 00:43:12]} {[%emt
00:00:04]} 37. Rxe8# {[%clk 00:58:56]} {[%emt 00:00:02]} 1-0

[Event "2024 National Elementary (K-6) Championship"]
[Site "Columbus, Ohio, United States"]
[Date "2024.04.27"]
[Round "3.26"]
[White "Deutsch, Andrew Thomas"]
[Black "Chiu-Maes, Zadie"]
[Result "1-0"]
[TimeControl "G/90; d10"]
[WhiteElo "698"]
[BlackElo "586"]

1. e4 {[%clk 01:30:00]} {[%emt 00:01:48]} c6 {[%clk 01:30:00]} {[%emt
00:00:22]} 2. d4 {[%clk 01:30:00]} {[%emt 00:00:14]} d5 {[%clk 01:30:00]}
{[%emt 00:00:18]} 3. e5 {[%clk 01:30:00]} {[%emt 00:00:08]} Bf5 {[%clk
01:29:42]} {[%emt 00:01:03]} 4. h4 {[%clk 01:29:55]} {[%emt 00:00:18]} Nd7
{[%clk 01:29:18]} {[%emt 00:00:34]} 5. g4 {[%clk 01:29:00]} {[%emt 00:01:05]}
Be4 {[%clk 01:28:23]} {[%emt 00:01:05]} 6. f3 {[%clk 01:28:36]} {[%emt
00:00:33]} Bg6 {[%clk 01:27:59]} {[%emt 00:00:31]} 7. h5 {[%clk 01:28:36]}
{[%emt 00:00:13]} Bxh5 {[%clk 01:27:42]} {[%emt 00:00:25]} 8. Rxh5 {[%clk
01:28:13]} {[%emt 00:00:33]} e6 {[%clk 01:27:31]} {[%emt 00:00:23]} 9. Bd2
{[%clk 01:27:41]} {[%emt 00:00:42]} Be7 {[%clk 01:26:58]} {[%emt 00:00:43]} 10.
Bd3 {[%clk 01:27:22]} {[%emt 00:00:29]} Qc7 {[%clk 01:26:16]} {[%emt 00:00:51]}
11. Rxh7 {[%emt 00:01:37]} Bh4+ {[%clk 01:24:54]} {[%emt 00:00:19]} 12. Kf1
{[%clk 01:26:39]} {[%emt 00:00:39]} Rxh7 {[%clk 01:24:35]} {[%emt 00:00:28]} 13.
Bxh7 {[%clk 01:26:22]} {[%emt 00:00:17]} Ne7 {[%clk 01:24:35]} {[%emt
00:00:19]} 14. Bd3 {[%clk 01:25:48]} {[%emt 00:00:44]} O-O-O {[%clk 01:24:22]}
{[%emt 00:00:23]} 15. g5 {[%clk 01:25:11]} {[%emt 00:00:47]} Qb6 {[%clk
01:23:47]} {[%emt 00:00:44]} 16. Bc3 {[%clk 01:21:41]} {[%emt 00:03:41]} Rh8
{[%clk 01:22:41]} {[%emt 00:01:15]} 17. f4 {[%clk 01:21:07]} {[%emt 00:00:45]}
Qd8 {[%clk 01:21:19]} {[%emt 00:01:31]} 18. Qg4 {[%clk 01:20:40]} {[%emt
00:00:37]} Qg8 {[%clk 01:19:00]} {[%emt 00:02:28]} 19. Nf3 {[%clk 01:20:14]}
{[%emt 00:00:35]} Bxg5 {[%clk 01:15:15]} {[%emt 00:03:56]} 20. Qxg5 {[%clk
01:19:51]} {[%emt 00:00:22]} Rh1+ {[%emt 00:00:55]} 21. Kf2 {[%clk 01:19:34]}
{[%emt 00:00:24]} Nf5 {[%clk 01:13:34]} {[%emt 00:01:20]} 22. Bxf5 {[%clk
01:19:07]} {[%emt 00:00:21]} exf5 {[%clk 01:13:34]} {[%emt 00:00:23]} 23. Qxf5
{[%clk 01:18:50]} {[%emt 00:00:27]} Kd8 {[%clk 01:11:36]} {[%emt 00:02:08]} 24.
Qg5+ {[%clk 01:17:53]} {[%emt 00:01:08]} Ke8 {[%clk 01:10:37]} {[%emt
00:01:09]} 25. Bb4 {[%clk 01:15:50]} {[%emt 00:02:13]} c5 {[%clk 01:08:05]}
{[%emt 00:02:42]} 26. dxc5 {[%clk 01:15:03]} {[%emt 00:00:55]} Qf8 {[%clk
01:06:48]} {[%emt 00:01:29]} 27. a3 {[%clk 01:14:18]} {[%emt 00:00:55]} Nxc5
{[%clk 01:05:53]} {[%emt 00:01:04]} 28. Qg2 {[%clk 01:13:13]} {[%emt 00:01:15]}
Qh8 {[%clk 01:04:54]} {[%emt 00:01:07]} 29. Bxc5 {[%clk 01:12:59]} {[%emt
00:00:27]} b6 {[%clk 01:02:09]} {[%emt 00:02:55]} 30. Bd6 {[%clk 01:12:40]}
{[%emt 00:00:29]} Rh5 {[%clk 00:56:38]} {[%emt 00:05:37]} 31. Qg4 {[%clk
01:11:58]} {[%emt 00:00:55]} Qh6 {[%clk 00:55:03]} {[%emt 00:01:41]} 32. Qc8#
{[%clk 01:09:28]} {[%emt 00:02:44]} 1-0